000 00767nam a2200181 i 4500
001 182793
003 ES-MaACL
005 20241212161058.0
008 131104s1986 sp |||| | spa d
100 1 _aSánchez-Castañer, Francisco.
_9102538
245 1 0 _aDon Juan de Palafox y Mendoza y sus "Comentarios a las cartas de Santa Teresa de Jesús" /
_cFrancisco Sánchez-Castañer y Mena.
260 _aMadrid :
_bFundación Universitaria Española,
_c1986.
300 _aP. 635-643 ;
_c24 cm.
595 _aSeparata: Homenaje a Pedro Sainz Rodriguez, Tomo III: Estudios Históricos, Fundación Universitaria Española, 1986.
600 1 4 _aPalafox y Mendoza, Juan de,
_d1600-1659
_9239354
852 _aES-MaACL
_j2329-F-9
999 _c182793
_d182793